Languages - 10 biggest germanic languages - Statistics

General Stats
  • This quiz has been taken 461 times
  • The average score is 7 of 10
Answer Stats
Native Speakers Language % Correct
360-400 million English
99%
100 million German
99%
23 million Dutch
94%
9,2 million Swedish
94%
5,5 million Danish
93%
5 million Norwegian
93%
7,1 million Afrikaans
63%
1.5 million Scots
35%
1.5 million Yiddish
25%
6,7 million Low saxon
11%
No matching quizzes found
Score Distribution
Percent of People with Each Score
Percentile by Number Answered
Your Score History
You have not taken this quiz